| 000 | 00000nas 2200000zi 4500 |
| 001 | 9.944909 |
| 003 | CaOODSP |
| 005 | 20250410151015 |
| 006 | m o d f |
| 007 | cr cn |||||||| |
| 008 | 241106d19681972oncar p o f0 0eng|d |
| 040 | |aCaOODSP|beng|erda|cCaOODSP |
| 041 | 0 |aeng|afre |
| 043 | |an-cn--- |
| 086 | 1 |aNR1-1-PDF |
| 110 | 2 |aNational Research Council of Canada.|eauthor, |eissuing body. |
| 245 | 10|aReport of the President / |cNational Research Council of Canada. |
| 246 | 15|aRapport du Président |
| 264 | 1|aOttawa, Ont. : |bNational Research Council of Canada, |c[1968-1972] |
| 310 | |aAnnual |
| 336 | |atext|btxt|2rdacontent |
| 337 | |acomputer|bc|2rdamedia |
| 338 | |aonline resource|bcr|2rdacarrier |
| 362 | 1 |aBegan with: 1967/1968; ceased with: 1971/1972. |
| 546 | |aText in English and French. |
| 588 | |aDescription based on: 1967/1968; title from PDF title page. |
| 588 | |aLatest issue consulted: 1971/1972. |
| 610 | 20|aNational Research Council of Canada|vPeriodicals. |
| 650 | 0|aResearch|zCanada|vPeriodicals. |
| 650 | 0|aResearch, Industrial|zCanada|vPeriodicals. |
| 655 | 7|aPeriodicals|2lcgft |
| 780 | 00|t... annual report of the National Research Council of Canada.|w(CaOODSP)9.944369 |
| 785 | 00|tReport of the President / |w(CaOODSP)9.944959 |
| 788 | |tRapport du Président / |efre|w(CaOODSP)9.944908 |